000 00683nam a2200241Ia 4500
003 OSt
005 20220923230724.0
006 a|||||r|||| 00| 0
007 ta
008 Pun
020 _c10
024 _a305,070
037 _cTextual
040 _aARTS
_cARTS
_bPun
041 _2Pun
_aPun
082 _aQ8441:25, 153L8
100 _aਭਾਟੀਆ, ਨਰਿੰਦਰ ਕੌਰ
245 0 _aਸ੍ਰੀ ਸਤਿਗੁਰੂ ਜੀ ਦੇ ਮੁਹੈ੍ਵ ਦੀਆਂ ਸਾਖੀਆਂ
260 _c1978
650 _aਧਰਮ
942 _hQ8441:25, 153L8
_cTEXL
_2CC
999 _c386873
_d386873